000 00551nam a2200181Ia 4500
005 20250326140247.0
008 250326s9999 xx 000 0 und d
037 _aTextbook
040 _aFMSL
_beng
_cFMSL
041 _aeng
_2eng
084 _aX:75.44 M0
_qFMSL
100 _aPrasad K
_9310478
245 0 _aProblems of economic development in the third world: with special reference to India
_cPrasad K
260 _aNew Delhi
_bNew Delhi, Sterling
_c1980
300 _a455p
942 _cTB
_hX:75.44 M0
999 _c1284993
_d1284993